000 00638cab a2200217 4500
001 ABS56792
008 090401t1997 xxu||||| |||| 00| 0 eng d
035 _a(Sirsi) u77296
041 _aeng
100 _aGreen, A.
245 _aYes, no, maybe...
260 _c1997
350 _a0
490 _aEstates Gazette
_v(9711) 15 March 1997, 147-148(2)
520 _aLooks at the latest rules on capital allowances on fixtures in buildings. Includes flowchart for a property acquired on or after 24 July 1996.
650 _aCAPITAL ALLOWANCES
650 _aFINANCE BILL
690 _aTAXATION
942 _n0
948 _c24/03/1997
999 _c48606
_d48606